| 000 | 00847cam a2200253 i 4500 | ||
|---|---|---|---|
| 001 | 17890757 | ||
| 005 | 20180227053408.0 | ||
| 008 | 130918s2015 ctua 001 0 eng | ||
| 010 | _a 2013950836 | ||
| 020 | _a9781285461434 | ||
| 020 | _a1285461436 | ||
| 040 |
_aDLC _beng _cDLC _erda _dDLC |
||
| 041 | _aeng | ||
| 042 | _apcc | ||
| 080 | _a540 JAM | ||
| 082 | 0 | 0 |
_a540 JAM _223 |
| 100 | 1 | _a12 | |
| 101 | _aKIM | ||
| 245 | 1 | 0 |
_aGeneral, organic, and biochemistry : _cJames Armstrong, City College of San Francisco ; contributions by Kellee Hollyman, RN, BSN, MN-Nurse Educator. |
| 906 |
_a7 _bcbc _corigcop _d2 _encip _f20 _gy-gencatlg |
||
| 942 |
_2ddc _cBK |
||
| 999 |
_c43570 _d43570 |
||